02667nam a2200289 a 4500001001000000003000500010005001700015007001500032008004100047035001100088040000900099100003900108245020000147264004500347300006100392336002700453337002900480338004000509502003900549520158000588650002802168650002302196650002602219650002402245700005502269856005302324000103761CHAP20241121110228.0cr ||||||a|c|a110112s2010 mx r 00010 spa d a111883 cCHAP1 aMagaña Magaña, Juan Feliciano.10aPlagas de importancia cuarentenaria en frutas de hueso, pomáceas y uvas provenientes de Chile a Méxicoc/por Juan Feliciano Magaña Magaña; director de tesis Juan Fernando Solís Aguilar. 1aChapingo, Méx. :bEl autor,cEl autor. a1 recurso en línea (103 páginas):bcuadros, figuras. 2rdacontentatextobtxt 2rdamediaacomputadorabc 2rdacarrierarecursos en líneabcr bIAEPAcParasitologíad2010.gLIC aEl presente trabajo se realizó con el objetivo de generar un documento en el cual se tenga información sobre plagas de importancia cuarentenaria en frutas de hueso, pomáceas y uvas provenientes de Chile a México, realizándose una consulta de bibliografía de tesis, folletos, artículos científicos, libros, internet, bases de datos, etc. Consultando información de las siguientes plagas: 2 Ácaros (Aculus cornutus y Brevipalpus chilensis), 4 Lepidópteros (Cydia molesta, Lobesia botrana, Proeulia auraria y Proeulia chrysopteris), 1 Coleóptero (Naupactus xanthographus) y 1 Hemíptero (Pseudococcus viburni), con la finalidad de obtener información importante y necesaria para los profesionistas encargados de la fitosanidad del país, que les sirva de apoyo para la identificación y control de las plagas mencionadas, ya que sería devastador la introducción de nuevas plagas, sin tener una base de cómo tratar con ellas. El tratamiento más utilizado para la eliminación de las plagas en fruta proveniente de Chile a México, es el baño o aspersión de agua con cloro (200 ppm), después se pasa a lavado con agua y jabón, lavado a alta presión con agua y cepillo, soplado de aire de secado, depilación con cera y secado con aire caliente forzado, después se realiza un monitoreo en el empaque y si aún se encuentra alguna plaga se le da tratamiento en frio o se fumiga la embarcación con bromuro de metilo, con estos métodos se eliminan todas las plagas que el embarque pueda tener y así realizar la importación.14aFruta de huesoxPlagas.14aFrutaxCuarentena.14aFrutaxImportación.14aPlagasxCuarentena.1 aSolís Aguilar, Juan FernandoeDirector de tesis. uhttp://10.13.5.2/tesis/111883.pdfzDESCARGAR PDF